Iluminaciones, pequeños retratos y miniaturas en la Fundación Lázaro Galdiano (Record no. 922)

MARC details
000 -CABECERA
campo de control de longitud fija 00996nam a2200229 a 4500
001 - NÚMERO DE CONTROL
campo de control BRCA_1043
005 - FECHA Y HORA DE LA ÚLTIMA TRANSACCIÓN
campo de control 20190320203245.0
008 - DATOS DE LONGITUD FIJA--INFORMACIÓN GENERAL
campo de control de longitud fija 090408s1999----sp-a---###---#000-0#spa-#
020 ## - NÚMERO INTERNACIONAL ESTÁNDAR DEL LIBRO
Número Internacional Estándar del Libro 8492323434
050 #4 - SIGNATURA TOPOGRÁFICA DE LA BIBLIOTECA DEL CONGRESO
Número de clasificación ND1322.5
Número de documento/Ítem .E87 1999
100 1# - ENTRADA PRINCIPAL--NOMBRE DE PERSONA
Nombre de persona Espinosa Martín, Carmen
9 (RLIN) 3442
245 10 - MENCIÓN DE TÍTULO
Título Iluminaciones, pequeños retratos y miniaturas en la Fundación Lázaro Galdiano
Mención de responsabilidad, etc. por M. Carmen Espinosa Martín.
260 ## - PUBLICACIÓN, DISTRIBUCIÓN, ETC.
Lugar de publicación, distribución, etc. Madrid
Nombre del editor, distribuidor, etc. Fundación Lázaro Galdiano
Fecha de publicación, distribución, etc. 1999
300 ## - DESCRIPCIÓN FÍSICA
Extensión 362 p.
Otras características físicas il. (algunas a color), fotografías
Dimensiones 24 cm.
440 #0 - MENCIÓN DE SERIE/PUNTO DE ACCESO ADICIONAL--TÍTULO
Título Catálogos de la Fundación Lázaro Galdiano
Designación de volumen o secuencia 2
9 (RLIN) 3443
500 ## - NOTA GENERAL
Nota general Incluye índice de autores, índide de retratos e índice de temas bíblicos, mitológicos y asuntos varios
504 ## - NOTA DE BIBLIOGRAFÍA, ETC.
Nota de bibliografía, etc. Bibliografía : p. 349-356
610 24 - PUNTO DE ACCESO ADICIONAL DE MATERIA--NOMBRE DE ENTIDAD CORPORATIVA
Nombre de entidad corporativa o nombre de jurisdicción como elemento de entrada Fundación Lázaro Galdiano
Subdivisión general Colecciones de arte
Subdivisión geográfica Madrid
9 (RLIN) 2205
650 14 - PUNTO DE ACCESO ADICIONAL DE MATERIA--TÉRMINO DE MATERIA
Término de materia o nombre geográfico como elemento de entrada Pintura - Retratos
Subdivisión cronológica Siglos XIX a XX
Subdivisión geográfica España
9 (RLIN) 3444
650 14 - PUNTO DE ACCESO ADICIONAL DE MATERIA--TÉRMINO DE MATERIA
Término de materia o nombre geográfico como elemento de entrada Pintura - Miniaturas
Subdivisión cronológica Siglos XIX a XX
Subdivisión geográfica España
9 (RLIN) 3445
942 ## - ELEMENTOS DE PUNTO DE ACCESO ADICIONAL (KOHA)
Fuente del sistema de clasificación o colocación Library of Congress Classification
Tipo de ítem Koha Libros
Holdings
Estado de retiro Estado de pérdida Estado dañado No para préstamo Localización permanente Ubicación/localización actual Fecha de adquisición Total de préstamos Signatura topográfica completa Código de barras Fecha visto por última vez Precio válido a partir de Tipo de ítem Koha
El ejemplar forma parte de la colección y puede ser consultado según las políticas vigentes.       Biblioteca del Museo Franz Mayer (Rogerio Casas-Alatriste) Biblioteca del Museo Franz Mayer (Rogerio Casas-Alatriste) 26/06/2008   ND1322.5 .E87 1999 01531 22/03/2019 22/03/2019 Libros